000
00207nam a2200085 4500
001
1258752
005
20260326110447.0
245
_a
MASALLARLA ÇOCUK EĞİTİMİ
_c
GERLİNDE ORTNER
260
_b
SİSTEM YAYINCILIK
999
_c
1258752
_d
1258752